banner koha

Caracterização física e química de frutos de cajazeira (Registro n. 222935)

MARC details
000 -LÍDER
campo de controle de tamanho fixo 01027nas a2200337 4500
001 - NÚMERO DE CONTROLE
campo de controle BR2012007739
003 - IDENTIFICADOR DO NÚMERO DE CONTROLE
campo de controle BR-BrBNA
005 - DATA E HORÁRIO DA ÚLTIMA TRANSAÇÃO
campo de controle 20231205121324.0
007 - CAMPO FIXO DE DESCRIÇÃO FÍSICA--INFORMAÇÃO GERAL
campo de controle de tamanho fixo ta
008 - CAMPO DE DADOS FIXOS--INFORMAÇÃO GERAL
campo de controle de tamanho fixo 230509b bl.|||p| |||| 00| 00por d
040 ## - FONTE DA CATALOGAÇÃO
Instituição da catalogação original BR-BrBNA
Idioma da catalogação por
Instituição que transcreveu o registro Biblioteca Nacional de Agricultura
041 ## - CÓDIGO DE IDIOMA
Código do idioma do texto/trilha sonora ou título diferente (Pt)
072 ## - CÓDIGO DE CATEGORIA DE ASSUNTO
Código de Categoria de Assunto F60; F30
100 1# - ENTRADA PRINCIPAL--NOME PESSOAL
Nome pessoal Soares, E.B.
100 1# - ENTRADA PRINCIPAL--NOME PESSOAL
Nome pessoal Gomes, R.L.F.
100 1# - ENTRADA PRINCIPAL--NOME PESSOAL
Nome pessoal Carneiro, J.G. de M. e
100 1# - ENTRADA PRINCIPAL--NOME PESSOAL
Nome pessoal Nascimento, F.N. do
100 1# - ENTRADA PRINCIPAL--NOME PESSOAL
Nome pessoal Silva, I.C.V.
100 1# - ENTRADA PRINCIPAL--NOME PESSOAL
Nome pessoal Costa, J.C.L. da
245 1# - TÍTULO
Título Caracterização física e química de frutos de cajazeira
246 1# - FORMA VARIANTE DO TÍTULO
Título/título abreviado Physical and chemical characterization of yellow mombin fruits
650 ## - ASSUNTO--TERMO TÓPICO
Cabeçalho tópico ou nome geográfico CAJÁ
650 ## - ASSUNTO--TERMO TÓPICO
Cabeçalho tópico ou nome geográfico PROPRIEDADE FÍSICO-QUÍMICA
650 ## - ASSUNTO--TERMO TÓPICO
Cabeçalho tópico ou nome geográfico SPONDIAS MONBIN
650 ## - ASSUNTO--TERMO TÓPICO
Cabeçalho tópico ou nome geográfico PESO
650 ## - ASSUNTO--TERMO TÓPICO
Cabeçalho tópico ou nome geográfico FRUTO
650 ## - ASSUNTO--TERMO TÓPICO
Cabeçalho tópico ou nome geográfico SELEÇÃO
773 0# - ENTRADA ANALÍTICA
Título Revista Brasileira de Fruticultura (Brazil)
ISSN - International Standard Serial Number ISSN 0100-2945
Partes relacionadas (Dec 2006), v. 28(3) p. 518-519
Número de controle do registro BR2012007739
909 ## -
-- 202311
-- Lúcia
-- 55
-- Lúcia Elande
942 ## - ELEMENTOS DE ENTRADA ADICIONADOS (KOHA)
Fonte da classificação ou esquema de arquivamento na estante Classificação AGRIS
Ocultar no OPAC Não
Tipo de material Koha Analítica
Exemplares
Situação do descarte Fonte da classificação ou esquema de arquivamento na estante Situação física Não pode ser emprestado Biblioteca de origem Biblioteca atual Localização na estante Enumeração do periódico / cronologia Total de empréstimos Data de último acesso Número do exemplar Tipo de material Koha Fonte de aquisição
  Classificação AGRIS   Consulta local Biblioteca Nacional de Agricultura - Binagri Biblioteca Nacional de Agricultura - Binagri   (Dec 2006), v. 28(3) p. 518-519   29/11/2023 01 Periódicos Portaria Interministerial nº 164/94

BINAGRI

Telefone: (61)3218-2567/2388/3357/2097 - binagri@agro.gov.br

Ministério da Agricultura e Pecuária , Esplanada dos Ministérios, Bloco D, Anexo B, Brasília/DF, CEP: 70.043-900